1766 1891 1334 1523 1845 1068 1892 1631 1417 1320 1733 1443 1252 1904 1215 1372 1165 1422 1609 1661 1770 1086 1109 1420 1001 1267 1750 1163 1351 1281 1463 1549 1917 1126 1917 1980 1517 1348 1784 1154 1509 1518 1131 1260 1749 1050 1196 1839 1570 1638 1753 1172 1684 1897 1289 1252 1472 1056 1451 1087 1859 1411 1737 1167 1214 1792 1422 1237 1486 1573 1184 1573 1595 1260 1947 1245 1485 1860 1906 1528 1832 1087 1285 1360 1459 1546 1757 1300 1749 1398 1909 1500 1300 1616 1385 1325 1464 1470 1738 BCNSPRNW ULIB Ver.6.0+V

เปลี่ยนเป็นภาษาไทย

Change to English
 แสดงรายละเอียดบรรณานุกรม
  กลับหน้าหลัก

Brief Record : Get Marc (ISO 2709) : E-mail record : QR code < ปิดหน้าต่าง
LEADER : 00000nam 2200000uu 4500
001    13399121736
003     ULIB
008    121204s2551||||th 000 0 tha d
020    ^a9744820357
060 04 ^aWE304^bส241น 2551
100 0  ^aสมชาย เอื้อรัตนวงศ์
245 10 ^aแนวทางการดูแลผู้ป่วยโรคข้อ =^bApproach to joint diseasepatient /^cสมชาย เอื้อรัตนวงศ์
246 31 ^aApproach to joint disease patient
250    ^aพิมพ์ครั้งที่ 3
260    ^aกรุงเทพฯ :^bเรือนแก้วการพิมพ์,^c2551
300    ^a402 หน้า :^bภาพประกอบ ;^c27 ซม.
650  7 ^aกระดูกและข้ออักเสบ
650  7 ^aข้อ, โรค
650  7 ^aข้อ, โรค^xการรักษา
650  7 ^aรูมาติสม
945    ^p290^l0^i16544
945    ^p290^l0^i16545
995    ^aกัณชพร
999 ^a ใช้งานได้ทุกระบบ
รายการนี้ยังไม่มีแท็ก
คุณยังไม่ได้ล็อกอิน คุณสามารถมีกิจกรรมร่วมกับเว็บไซต์ได้ แต่ต้องล็อกอินก่อน ::
  ล็อกอิน

รายการสื่อสารสนเทศ

ลำดับที่ ประเภท เลขเรียก/บาร์โค้ด สถานที่ สถานะ
1. วิทยาศาสตร์การแพทย์ และสุขภาพ
วิทยาศาสตร์การแพทย์ และสุขภาพ
WE304 ส241น 2551  
  Barcode: 16544
ห้องสมุดวิทยาเขตสวรรค์ประชารักษ์
►ส่วนจัดเก็บหนังสือเก่า สปร
บนชั้น
  ขอยืม
2. วิทยาศาสตร์การแพทย์ และสุขภาพ
วิทยาศาสตร์การแพทย์ และสุขภาพ
WE304 ส241น 2551 ฉ.2 
  Barcode: 16545
ห้องสมุดวิทยาเขตสวรรค์ประชารักษ์
►ส่วนจัดเก็บหนังสือเก่า สปร
บนชั้น
  ขอยืม

รายการใกล้เคียง
    ผู้แต่ง [สมชาย เอื้อรัตนวงศ์]

    หัวเรื่อง [กระดูกและข้ออักเสบ]
    หัวเรื่อง [ข้อ, โรค]
    หัวเรื่อง [รูมาติสม]

BibComment


ยังไม่เคยถูกคอมเมนท์

คอมเมนท์ทรัพยากรรายการนี้
  คอมเมนท์: แนวทางการดูแลผู้..


 Copyright 2026. Bcnsprnw @Library